Chicago Bulls All-Time Starters - Statistics

General Stats
  • This quiz has been taken 101 times
  • The average score is 5 of 7
Answer Stats
Hint Answer % Correct
SG Michael Jordan
100%
PF Dennis Rodman
99%
SF Scottie Pippen
98%
PG Derrick Rose
89%
Coach Phil Jackson
82%
C Artis Gilmore
51%
6th man Jerry Sloan
22%
No matching quizzes found
Score Distribution
Percent of People with Each Score
Percentile by Number Answered
Your Score History
You have not taken this quiz